[Event "ROM-ch U10 Girls"]
[Site "Voineasa"]
[Date "2008.04.17"]
[Round "8"]
[White "Cusmuliuc, Diana Elena"]
[Black "Perju, Sara Nadeea"]
[Result "1-0"]
[WhiteElo "401"]
[BlackElo "515"]
[PlyCount "35"]
[EventDate "2008.04.08"]
[EventType "swiss"]
[EventRounds "9"]
[EventCountry "ROU"]
[SourceTitle "EXT 2013"]
[Source "ChessBase"]
[SourceDate "2012.11.22"]
[SourceVersion "1"]
[SourceVersionDate "2012.11.22"]
[SourceQuality "1"]

1. d4 d5 2. Nf3 Nf6 3. e3 Nc6 4. c3 Bf5 5. Nbd2 e6 6. Bb5 Be7 7. Ne5 Qd6 8. Qa4 0-0 9. Bxc6 bxc6 10. Nxc6 Qd7 11. Nxe7+ Qxe7 12. b3 h6 13. Ba3 Qd8 14. Bxf8 Qxf8 15. Rc1 Nh7 16. c4 dxc4 17. bxc4 f6 18. Rc2 1-0

[Event "ROM-ch U10 Girls"]
[Site "Voineasa"]
[Date "2008.04.16"]
[Round "7"]
[White "Perju, Sara Nadeea"]
[Black "Plesoiu, Irena Eugenia"]
[Result "0-1"]
[WhiteElo "515"]
[BlackElo "530"]
[PlyCount "126"]
[EventDate "2008.04.08"]
[EventType "swiss"]
[EventRounds "9"]
[EventCountry "ROU"]
[SourceTitle "EXT 2013"]
[Source "ChessBase"]
[SourceDate "2012.11.22"]
[SourceVersion "1"]
[SourceVersionDate "2012.11.22"]
[SourceQuality "1"]

1. e4 e5 2. Nf3 Nc6 3. Bc4 Bc5 4. c3 Nf6 5. d3 d5 6. exd5 Nxd5 7. Nbd2 Bg4 8. 0-0 0-0 9. h3 Bf5 10. Ne4 Bxe4 11. dxe4 Nf4 12. Qc2 Qf6 13. Be3 Be7 14. Kh1 Rad8 15. Rad1 Qg6 16. Bxf4 exf4 17. Bd3 Qh6 18. Rd2 g5 19. Nh2 Qh4 20. Rg1 Rd6 21. Nf3 Qh5 22. Be2 Rh6 23. Ne5 Qh4 24. Nf3 Qxf2 25. Bc4 Qg3 26. Nh2 Kh8 27. Qb3 Na5 28. Qa4 b6 29. Rd3 Qh4 30. Rd7 Bc5 31. Rxf7 Rg8 32. Qb5 Nc6 33. b4 Bxg1 34. Kxg1 Qe1+ 35. Nf1 Qxe4 36. Bd3 Qe6 37. Bc4 Qd6 38. Qf5 Qe5 39. Rf8 Rhg6 40. Qf7 Qg7 41. Rxg8+ Qxg8 42. Qxg8+ Rxg8 43. Bd5 Rg6 44. Nd2 Rd6 45. Bxc6 Rxc6 46. Ne4 h6 47. Kf2 Kg7 48. g3 fxg3+ 49. Kxg3 Kg6 50. h4 Rc4 51. Nf2 Rxc3+ 52. Kg4 Rc4+ 53. Kf3 Rxb4 54. hxg5 hxg5 55. Ke3 Ra4 56. Kd3 Rxa2 57. Ne4 c5 58. Nc3 Rh2 59. Kc4 g4 60. Ne4 a5 61. Kb5 Rb2+ 62. Ka4 Rb4+ 63. Ka3 Rxe4 0-1